000 00705nam a22002537a 4500
003 0
005 20180726121231.0
008 0
010 _aA-935861
020 _c40.00
035 _aA-935861 , A-935870
037 _bCen Lib/Ret
040 _aDPL
_bEN
_c0
082 _a921
_bCHA
100 _aChaturvedi, B.K.
_9102042
245 _aMother Teresa :
_cby B.K. Chaturvedi
_bmessiah of the poor /
260 _bDiamond pocket books
_c1998
_aNew Delhi
270 _bNew Delhi
_aX-30, Okhla industrial area
_e110020
300 _a111p.
_c21cm(Hb)
500 _aIncludes index
650 _aBiography
_97490
650 _aSocial reformer
_99391
942 _2ddc
_cEN
_h921
_mCHA
999 _c128591
_d128591